Statistiques concernant Personnages du Monde de Némo par images

Cliquez ici pour prendre le quiz!

Statistiques générales

  • Ce quiz a été pris 133 fois
  • Le résultat moyen est 5 sur 16

Statistiques - réponses

Réponse% Correct
Némo
100%
Dory
99%
Marin
80%
Bruce
49%
Darla
41%
Crush
26%
Hank
22%
Debbie / Flo
20%
Gill
18%
Astrid
16%
Destinée
15%
Bubbles
13%
Bailey
12%
Boule
11%
Gargouille
7%
Gérard
7%

Distribution des résultats

Percentile par nombre de réponses

% des personnes avec chaque résultat

Votre développement - résultats

Vous n’avez pas pris ce quiz